[Event "Olomouc op"]
[Site "Olomouc"]
[Date "2006.08.10"]
[Round "9.4"]
[White "Zeberski, Jakub"]
[Black "Mankeyev, Rauan"]
[Result "1-0"]
[WhiteElo "2410"]
[BlackElo "2369"]
[PlyCount "89"]
[EventDate "2006.08.03"]
[EventType "swiss"]
[EventRounds "9"]
[EventCountry "CZE"]
[SourceTitle "CBM 113 Extra"]
[Source "ChessBase"]
[SourceDate "2006.09.14"]
[SourceVersion "1"]
[SourceVersionDate "2006.09.14"]
[SourceQuality "1"]

1. e4 c5 2. Nf3 d6 3. d4 cxd4 4. Nxd4 Nf6 5. Nc3 g6 6. Be3 Bg7 7. f3 Nc6 8. Qd2 0-0 9. 0-0-0 d5 10. exd5 Nxd5 11. Nxc6 bxc6 12. Bd4 e5 13. Bc5 Be6 14. Ne4 Re8 15. h4 h6 16. g4 Nf4 17. Qc3 Bd5 18. g5 h5 19. Qa3 Qc7 20. Ba6 Ne6 21. Bd6 Qb6 22. c4 Bxe4 23. c5 Qxa6 24. Qxa6 Bxf3 25. Rhf1 Bxd1 26. Kxd1 Nd4 27. Qb7 Nf5 28. Ke1 e4 29. Qxc6 Bxb2 30. Rxf5 gxf5 31. Qd5 Kg7 32. Qxf5 Rad8 33. Ke2 e3 34. Qd5 Kg6 35. c6 Be5 36. Qe4+ f5 37. gxf6+ Kxf6 38. Bxe5+ Rxe5 39. Qf3+ Ke7 40. Qf4 Kd6 41. Qf6+ Re6 42. Qxd8+ Kxc6 43. Qc8+ Kd6 44. Qa6+ Ke5 45. Qxa7 1-0

[Event "Olomouc op"]
[Site "Olomouc"]
[Date "2006.08.08"]
[Round "7.8"]
[White "Glimbrant, Torbjorn"]
[Black "Mankeyev, Rauan"]
[Result "0-1"]
[WhiteElo "2286"]
[BlackElo "2369"]
[PlyCount "80"]
[EventDate "2006.08.03"]
[EventType "swiss"]
[EventRounds "9"]
[EventCountry "CZE"]
[SourceTitle "CBM 113 Extra"]
[Source "ChessBase"]
[SourceDate "2006.09.14"]
[SourceVersion "1"]
[SourceVersionDate "2006.09.14"]
[SourceQuality "1"]

1. e4 c5 2. Nf3 d6 3. d4 cxd4 4. Nxd4 Nf6 5. Nc3 g6 6. Be3 Bg7 7. f3 Nc6 8. Qd2 0-0 9. 0-0-0 d5 10. exd5 Nxd5 11. Nxc6 bxc6 12. Bd4 e5 13. Bc5 Be6 14. Ne4 Re8 15. h4 h6 16. g4 Nf4 17. Qc3 Bd5 18. Qa3 Qc7 19. Bd6 Qd7 20. g5 hxg5 21. hxg5 Qf5 22. Ba6 Bxe4 23. fxe4 Qxe4 24. Kb1 Rad8 25. Qc5 Ne6 26. Qg1 Nxg5 27. Qh2 Rd7 28. Bd3 Qe3 29. Bb4 Qf4 30. Qxf4 exf4 31. Rdf1 Ne6 32. b3 Be5 33. Bc4 Kg7 34. Re1 f6 35. Re2 Ng5 36. Reh2 f3 37. Rh4 f2 38. Rg4 Rd4 39. Rxd4 Bxd4 40. Bd2 Be3 0-1

[Event "Olomouc op"]
[Site "Olomouc"]
[Date "2006.08.03"]
[Round "1"]
[White "Vyslouzil, Lukas"]
[Black "Mankeyev, Rauan"]
[Result "0-1"]
[WhiteElo "1918"]
[BlackElo "2369"]
[PlyCount "72"]
[EventDate "2006.08.03"]
[EventType "swiss"]
[EventRounds "9"]
[EventCountry "CZE"]
[SourceTitle "CBM 113 Extra"]
[Source "ChessBase"]
[SourceDate "2006.09.14"]
[SourceVersion "1"]
[SourceVersionDate "2006.09.14"]
[SourceQuality "1"]

1. e4 c5 2. Nf3 d6 3. d4 cxd4 4. Nxd4 Nf6 5. Nc3 g6 6. Be3 Bg7 7. f3 Nc6 8. Bc4 0-0 9. Qd2 Nd7 10. 0-0-0 Nb6 11. Bb3 Na5 12. Bh6 Nac4 13. Qg5 e5 14. Bxc4 Nxc4 15. Nd5 Qxg5+ 16. Bxg5 exd4 17. Bf6 Bxf6 18. Nxf6+ Kg7 19. Rxd4 Kxf6 20. Rxc4 Be6 21. Rd4 Rfd8 22. Rhd1 Ke7 23. b3 Rac8 24. Kb2 Rc5 25. c4 a5 26. a4 g5 27. g3 f5 28. exf5 Rxf5 29. f4 gxf4 30. gxf4 d5 31. c5 Rdf8 32. Rf1 Re5 33. fxe5 Rxf1 34. Rh4 Bf5 35. b4 axb4 36. Rxb4 Rb1+ 0-1

[Event "Pardubice op-A"]
[Site "Pardubice"]
[Date "2006.07.25"]
[Round "5"]
[White "Swicarz, Maciej"]
[Black "Mankeyev, Rauan"]
[Result "1-0"]
[WhiteElo "2268"]
[BlackElo "2369"]
[PlyCount "59"]
[EventDate "2006.07.21"]
[EventType "swiss"]
[EventRounds "9"]
[EventCountry "CZE"]
[SourceTitle "CBM 113 Extra"]
[Source "ChessBase"]
[SourceDate "2006.09.14"]
[SourceVersion "1"]
[SourceVersionDate "2006.09.14"]
[SourceQuality "1"]

1. e4 c5 2. Nc3 Nc6 3. Bb5 Nd4 4. Bc4 e6 5. Nf3 Nf6 6. 0-0 a6 7. d3 Qc7 8. Nxd4 cxd4 9. Ne2 Nxe4 10. dxe4 Qxc4 11. Nxd4 d6 12. Be3 b5 13. b3 Qc7 14. c4 e5 15. Nf3 bxc4 16. Rc1 Be6 17. Ng5 c3 18. Nxe6 fxe6 19. Qg4 Be7 20. Qxg7 Rf8 21. Qxh7 Kd7 22. Rfd1 Rac8 23. Bg5 Rfe8 24. Rc2 Qc6 25. Rd3 Rc7 26. h4 Kd8 27. Bxe7+ Rexe7 28. Qh8+ Kd7 29. Qxe5 Rf7 30. Rcxc3 1-0

[Event "Pardubice op-A"]
[Site "Pardubice"]
[Date "2006.07.23"]
[Round "3"]
[White "Czarnota, Dorota"]
[Black "Mankeyev, Rauan"]
[Result "1-0"]
[WhiteElo "2237"]
[BlackElo "2369"]
[PlyCount "79"]
[EventDate "2006.07.21"]
[EventType "swiss"]
[EventRounds "9"]
[EventCountry "CZE"]
[SourceTitle "CBM 113 Extra"]
[Source "ChessBase"]
[SourceDate "2006.09.14"]
[SourceVersion "1"]
[SourceVersionDate "2006.09.14"]
[SourceQuality "1"]

1. e4 c5 2. Nf3 d6 3. d4 cxd4 4. Nxd4 Nf6 5. Nc3 g6 6. Be3 Bg7 7. f3 Nc6 8. Qd2 0-0 9. g4 Be6 10. 0-0-0 Nxd4 11. Bxd4 Qa5 12. a3 a6 13. h4 b5 14. Nd5 Qxd2+ 15. Rxd2 Bxd5 16. exd5 Nd7 17. Be2 Rfc8 18. Re1 Bxd4 19. Rxd4 Nb6 20. f4 Ra7 21. g5 Rac7 22. c3 Rc5 23. Bf3 R8c7 24. Kb1 Kf8 25. Ka2 Rc4 26. Red1 R7c5 27. R1d2 Ke8 28. Rd1 Kd7 29. Bg4+ Kc7 30. b4 Rxd4 31. bxc5 Rxf4 32. cxb6+ Kxb6 33. Rd4 Rf2+ 34. Kb3 Kc5 35. Bd7 f5 36. Be6 f4 37. Bg8 f3 38. Bxh7 Rf1 39. Bxg6 f2 40. Rf4 1-0

[Event "Alushta Summer 1st"]
[Site "Alushta"]
[Date "2006.06.11"]
[Round "13"]
[White "Kononenko, Dmitry"]
[Black "Mankeyev, Rauan"]
[Result "1-0"]
[WhiteElo "2472"]
[BlackElo "2381"]
[PlyCount "129"]
[EventDate "2006.06.02"]
[EventType "tourn"]
[EventRounds "16"]
[EventCountry "UKR"]
[EventCategory "6"]
[SourceTitle "CBM 112 Extra"]
[Source "ChessBase"]
[SourceDate "2006.07.14"]
[SourceVersion "1"]
[SourceVersionDate "2006.07.14"]
[SourceQuality "1"]

1. e4 e6 2. d4 d5 3. e5 c5 4. c3 Nc6 5. Nf3 Qb6 6. a3 Nh6 7. b4 cxd4 8. cxd4 Nf5 9. Bb2 Bd7 10. Be2 Rc8 11. 0-0 h5 12. Kh1 Be7 13. Nc3 Na5 14. Na4 Qc6 15. Nc5 Nc4 16. Qb3 h4 17. Rfc1 b5 18. Bc3 Rb8 19. Kg1 Kf8 20. a4 bxa4 21. Nxd7+ Qxd7 22. Qxa4 Rb7 23. Qxd7 Rxd7 24. Ra6 Bd8 25. b5 g6 26. Bb4+ Kg7 27. Bc5 Bb6 28. Bxc4 dxc4 29. Bxb6 axb6 30. Rxc4 Rhd8 31. Raa4 Rd5 32. Rab4 Ra8 33. g4 h3 34. Ne1 Nh4 35. Kf1 Ra1 36. Ke2 Ng2 37. Nd3 Ra5 38. Kf3 g5 39. Rc3 Nh4+ 40. Kg3 Ra1 41. Nf4 Rg1+ 42. Kxh3 gxf4 43. Kxh4 Kg6 44. Rbc4 Rg2 45. h3 Rd8 46. Rc8 Rxc8 47. Rxc8 Rxf2 48. d5 exd5 49. Rc6+ Kg7 50. Rxb6 Re2 51. Rd6 Rxe5 52. b6 Re3 53. g5 Rb3 54. Kg4 f3 55. Kg3 f2+ 56. Kxf2 Rxh3 57. Rxd5 Rb3 58. Rd6 Rb5 59. Ke3 Rxg5 60. Kd4 Rb5 61. Kc4 Rb1 62. Kc5 Kf8 63. Kc6 Ke7 64. Kc7 f5 65. Rc6 1-0

[Event "Alushta Summer 1st"]
[Site "Alushta"]
[Date "2006.06.08"]
[Round "9"]
[White "Mankeyev, Rauan"]
[Black "Zinchenko, Yaroslav"]
[Result "1/2-1/2"]
[WhiteElo "2381"]
[BlackElo "2499"]
[PlyCount "44"]
[EventDate "2006.06.02"]
[EventType "tourn"]
[EventRounds "16"]
[EventCountry "UKR"]
[EventCategory "6"]
[SourceTitle "CBM 112 Extra"]
[Source "ChessBase"]
[SourceDate "2006.07.14"]
[SourceVersion "1"]
[SourceVersionDate "2006.07.14"]
[SourceQuality "1"]

1. d4 d5 2. c4 e6 3. Nc3 c6 4. Nf3 dxc4 5. a4 Bb4 6. e3 b5 7. Bd2 a5 8. axb5 Bxc3 9. Bxc3 cxb5 10. b3 Bb7 11. bxc4 b4 12. Bb2 Nf6 13. Bd3 Nbd7 14. 0-0 0-0 15. Re1 Ne4 16. c5 Qc7 17. Nd2 Nxd2 18. Qxd2 e5 19. Qc2 h6 20. Bc4 a4 21. f3 exd4 22. Bxd4 Ne5 1/2-1/2